Evénements du 23 novembre - Statistiques

Statistiques générales
  • Ce quiz a été pris 35 fois
  • Le résultat moyen est 5 sur 15
Statistiques - réponses
Hint Réponse % Correct
Strasbourg est libéré par la 2e D.B. 1944
76%
Naissance de Francis Cabrel 1953
72%
Naissance d'Othon 1er, empereur germanique 912
56%
Ellen McArthur remporte la route du route en monocoque 2002
44%
Mort du réalisateur Louis Malle 1995
40%
Jacques Mayol atteint les 100 m de profondeur en apnée 1976
36%
Mort de St Colomban 615
36%
Mort de l'acteur Philippe Noiret 2006
32%
Naissance de Gracchus Babeuf 1760
28%
Parution du premier numéro du magazine Life 1936
20%
Assassinat de Louis d'Orléans à Paris 1407
16%
Transfert des cendres d'André Malraux au Panthéon 1996
16%
Wilhelmine devient reine des Pays-Bas 1890
12%
Bataille de Tudela 1808
8%
Mort de la reine Elisabeth de Belgique 1965
8%
Aucun quiz correspondant
Distribution des résultats
% des personnes avec chaque résultat
Percentile par nombre de réponses
Votre historique - résultats
Vous n’avez pas pris ce quiz